000 00704nam a2200241Ia 4500
003 OSt
005 20221005130101.0
006 a|||||r|||| 00| 0
007 ta
008 221004b |||||||| |||| 00| 0 urd d
020 _a8199980056 (hbk)
_c400
024 _a1042
037 _b5549, 21/03/2009, Modern Publishing House
_cTextual
040 _aCRL
_cCRL
_burd
041 _2urd
_aurd
082 _aO168,1N36w, P6
100 _aNusrat Jaan
_9637572
245 0 _aQazi Ghulam Mohammad
_b Hayat aur fun
260 _c2006
650 _aURDU POETRY
942 _hO168,1N36w, P6
_cTEXL
_2cc
999 _c1056032
_d1056032